[Event "Skalica Open 2019"]
[Site "Skalica"]
[Date "2019.08.30"]
[Round "8.17"]
[White "Kapusta, Petr"]
[Black "Lhotska, Anna"]
[Result "1-0"]
[WhiteElo "2157"]
[BlackElo "1966"]
[Annotator "NA"]
[PlyCount "65"]
[EventDate "2019.08.25"]
[EventType "swiss"]
[EventCountry "SVK"]
[SourceTitle "playchess.com"]
[Source "ChessBase"]
[SourceQuality "1"]
[TimeControl "40/5400+30:1800+30"]

1. e4 {[%emt 0:00:00]} c5 {[%emt 0:00:00]} 2. Nf3 {[%emt 0:00:00]} d6 {[%emt 0:00:00]} 3. d4 {[%emt 0:00:00]} cxd4 {[%emt 0:00:00]} 4. Nxd4 {[%emt 0:00:00]} Nf6 {[%emt 0:00:00]} 5. Nc3 {[%emt 0:00:00]} Nc6 {[%emt 0:00:24]} 6. Be2 {[%emt 0:00:35]} e5 {[%emt 0:03:58]} 7. Nb3 {[%emt 0:01:02]} Be6 {[%emt 0:00:46]} 8. O-O {[%emt 0:00:08]} Be7 {[%emt 0:00:17]} 9. Kh1 {[%emt 0:00:09]} O-O {[%emt 0:01:16]} 10. f4 {[%emt 0:00:07]} exf4 {[%emt 0:04:40]} 11. Bxf4 {[%emt 0:00:08]} d5 {[%emt 0:01:23]} 12. e5 {[%emt 0:04:38]} Ne4 {[%emt 0:01:40]} 13. Bd3 {[%emt 0:01:59]} Nxc3 {[%emt 0:04:56]} 14. bxc3 {[%emt 0:00:32]} h6 {[%emt 0:25:21]} 15. Nd4 {[%emt 0:07:24]} Nxd4 {[%emt 0:00:55]} 16. cxd4 {[%emt 0:00:07]} Qd7 {[%emt 0:01:55]} 17. Qd2 {[%emt 0:01:39]} f5 {[%emt 0:11:46]} 18. Bxh6 {[%emt 0:06:10]} gxh6 {[%emt 0:04:56]} 19. Qxh6 {[%emt 0:00:08]} Rf7 {[%emt 0:00:42]} 20. Rf3 {[%emt 0:05:03]} Rh7 {[%emt 0:02:06]} 21. Qe3 {[%emt 0:05:54]} Rf8 {[%emt 0:01:43]} 22. g4 {[%emt 0:04:40]} Rg7 {[%emt 0:12:28]} 23. gxf5 {[%emt 0:02:12]} Bxf5 {[%emt 0:00:24]} 24. Rxf5 {[%emt 0:00:40]} Rxf5 {[%emt 0:08:05]} 25. e6 {[%emt 0:00:34]} Rf3 {[%emt 0:00:30]} 26. Qxf3 {[%emt 0:00:52]} Qxe6 {[%emt 0:00:11]} 27. Bf5 {[%emt 0:02:09]} Qd6 {[%emt 0:01:16]} 28. Re1 {[%emt 0:04:10]} Rg5 {[%emt 0:04:05]} 29. Qh3 {[%emt 0:14:25]} Qf6 {[%emt 0:03:55]} 30. Be6+ {[%emt 0:00:23]} Kg7 {[%emt 0:00:44]} 31. Rf1 {[%emt 0:00:42]} Qxd4 {[%emt 0:00:53]} 32. Rf7+ {[%emt 0:00:14]} Kg6 {[%emt 0:00:07]} 33. Qh7# {[%emt 0:00:08]} 1-0

[Event "Skalica Open 2019"]
[Site "Skalica"]
[Date "2019.08.30"]
[Round "8.18"]
[White "Gresova, Zuzana"]
[Black "Benes, Miroslav"]
[Result "1-0"]
[WhiteElo "2008"]
[BlackElo "2107"]
[Annotator "NA"]
[PlyCount "123"]
[EventDate "2019.08.25"]
[EventType "swiss"]
[EventCountry "SVK"]
[SourceTitle "playchess.com"]
[Source "ChessBase"]
[SourceQuality "1"]
[TimeControl "40/5400+30:1800+30"]

1. d4 {[%emt 0:00:00]} Nf6 {[%emt 0:00:00]} 2. c4 {[%emt 0:00:00]} c5 {[%emt 0:00:00]} 3. d5 {[%emt 0:00:00]} b5 {[%emt 0:00:05]} 4. cxb5 {[%emt 0:00:11]} a6 {[%emt 0:00:05]} 5. bxa6 {[%emt 0:00:30]} g6 {[%emt 0:00:06]} 6. Nc3 {[%emt 0:00:42]} Bxa6 {[%emt 0:00:08]} 7. e4 {[%emt 0:01:20]} Bxf1 {[%emt 0:00:10]} 8. Kxf1 {[%emt 0:00:07]} d6 {[%emt 0:00:04]} 9. Nf3 {[%emt 0:01:01]} Bg7 {[%emt 0:00:07]} 10. g3 {[%emt 0:00:14]} O-O {[%emt 0:00:08]} 11. Kg2 {[%emt 0:00:36]} Qb6 {[%emt 0:00:05]} 12. a4 {[%emt 0:04:56]} Na6 {[%emt 0:00:42]} 13. Qe2 {[%emt 0:05:03]} Nb4 {[%emt 0:01:02]} 14. Nb5 {[%emt 0:03:47]} Rfb8 {[%emt 0:00:25]} 15. Ra3 {[%emt 0:02:29]} Ne8 {[%emt 0:00:54]} 16. Nd2 {[%emt 0:05:32]} Nc7 {[%emt 0:06:03]} 17. Nc4 {[%emt 0:02:11]} Qb7 {[%emt 0:00:01]} 18. Nxc7 {[%emt 0:01:55]} Qxc7 {[%emt 0:00:02]} 19. a5 {[%emt 0:06:13]} Re8 {[%emt 0:19:17]} 20. Rd1 {[%emt 0:05:57]} Rad8 {[%emt 0:04:37]} 21. Bg5 {[%emt 0:03:31]} h6 {[%emt 0:00:11]} 22. Be3 {[%emt 0:02:48]} e6 {[%emt 0:04:39]} 23. dxe6 {[%emt 0:05:06]} fxe6 {[%emt 0:04:26]} 24. Bf4 {[%emt 0:13:42]} Bf8 {[%emt 0:04:12]} 25. Qg4 {[%emt 0:04:30]} Kh7 {[%emt 0:06:42]} 26. Qh4 {[%emt 0:04:57]} Nc2 {[%emt 0:13:34]} 27. Rc3 {[%emt 0:05:46]} Nd4 {[%emt 0:00:41]} 28. Ne3 {[%emt 0:02:28]} Qg7 {[%emt 0:05:00]} 29. Bg5 {[%emt 0:03:59]} Be7 {[%emt 0:09:48]} 30. f4 {[%emt 0:01:16]} Rb8 {[%emt 0:09:50]} 31. Rd2 {[%emt 0:02:00]} Bxg5 {[%emt 0:03:11]} 32. fxg5 {[%emt 0:01:10]} Rf8 {[%emt 0:00:03]} 33. Ng4 {[%emt 0:07:47]} h5 {[%emt 0:00:43]} 34. Nf6+ {[%emt 0:00:22]} Kh8 {[%emt 0:00:01]} 35. g4 {[%emt 0:01:00]} Rb4 {[%emt 0:00:11]} 36. gxh5 {[%emt 0:01:26]} Nf5 {[%emt 0:00:32]} 37. Qh3 {[%emt 0:00:49]} Rxf6 {[%emt 0:03:52]} 38. gxf6 {[%emt 0:02:30]} Qxf6 {[%emt 0:00:25]} 39. hxg6+ {[%emt 0:00:32]} Nh4+ {[%emt 0:00:24]} 40. Qxh4+ {[%emt 0:00:59]} Qxh4 {[%emt 0:00:15]} 41. Rh3 {[%emt 0:30:20]} Qxh3+ {[%emt 0:36:00]} 42. Kxh3 {[%emt 0:00:00]} Kg7 {[%emt 0:00:00]} 43. Rxd6 {[%emt 0:00:00]} Rxe4 {[%emt 0:00:00]} 44. a6 {[%emt 0:00:00]} Kxg6 {[%emt 0:00:00]} 45. Rc6 {[%emt 0:00:00]} Ra4 {[%emt 0:00:00]} 46. Rxe6+ {[%emt 0:00:00]} Kf5 {[%emt 0:00:00]} 47. Rc6 {[%emt 0:00:00]} c4 {[%emt 0:00:00]} 48. Kg3 {[%emt 0:00:00]} Ke4 {[%emt 0:00:00]} 49. h4 {[%emt 0:00:00]} Kd5 {[%emt 0:00:00]} 50. Rf6 {[%emt 0:00:00]} Ra2 {[%emt 0:00:00]} 51. h5 {[%emt 0:00:00]} Rxb2 {[%emt 0:00:00]} 52. h6 {[%emt 0:00:00]} Rb8 {[%emt 0:00:00]} 53. h7 {[%emt 0:00:00]} c3 {[%emt 0:00:00]} 54. a7 {[%emt 0:00:02]} Ra8 {[%emt 0:00:00]} 55. Rh6 {[%emt 0:02:42]} Rh8 {[%emt 0:00:00]} 56. Rg6 {[%emt 0:02:48]} Ra8 {[%emt 0:02:17]} 57. Rg8 {[%emt 0:01:16]} c2 {[%emt 0:00:18]} 58. h8=Q {[%emt 0:00:40]} c1=Q {[%emt 0:00:19]} 59. Qh5+ {[%emt 0:00:59]} Kc4 {[%emt 0:01:42]} 60. Qg4+ {[%emt 0:01:06]} Kb3 {[%emt 0:01:47]} 61. Rb8+ {[%emt 0:00:38]} Ka2 {[%emt 0:00:19]} 62. Qe2+ {[%emt 0:00:30]} 1-0

[Event "Skalica Open 2019"]
[Site "Skalica"]
[Date "2019.08.30"]
[Round "8.19"]
[White "Kovarikova, Maria"]
[Black "Kuna, Martin"]
[Result "1/2-1/2"]
[WhiteElo "1854"]
[BlackElo "1969"]
[Annotator "NA"]
[PlyCount "101"]
[EventDate "2019.08.25"]
[EventType "swiss"]
[EventCountry "SVK"]
[SourceTitle "playchess.com"]
[Source "ChessBase"]
[SourceQuality "1"]
[TimeControl "40/5400+30:1800+30"]

1. e4 {[%emt 0:00:00]} e6 {[%emt 0:00:00]} 2. d4 {[%emt 0:00:00]} d5 {[%emt 0:00:02]} 3. Nd2 {[%emt 0:00:00]} dxe4 {[%emt 0:00:40]} 4. Nxe4 {[%emt 0:00:00]} Nd7 {[%emt 0:00:09]} 5. Nf3 {[%emt 0:02:07]} Ngf6 {[%emt 0:00:30]} 6. Nxf6+ {[%emt 0:00:52]} Nxf6 {[%emt 0:00:09]} 7. c3 {[%emt 0:00:37]} c5 {[%emt 0:01:35]} 8. Bd3 {[%emt 0:22:58]} Be7 {[%emt 0:03:30]} 9. O-O {[%emt 0:01:12]} O-O {[%emt 0:00:16]} 10. Qc2 {[%emt 0:00:42]} h6 {[%emt 0:06:23]} 11. Qe2 {[%emt 0:08:19]} b6 {[%emt 0:04:02]} 12. dxc5 {[%emt 0:01:04]} Bxc5 {[%emt 0:00:09]} 13. Bf4 {[%emt 0:06:15]} Bb7 {[%emt 0:00:49]} 14. Rad1 {[%emt 0:01:32]} Qc8 {[%emt 0:00:21]} 15. Bb1 {[%emt 0:00:41]} Qc6 {[%emt 0:03:32]} 16. Rfe1 {[%emt 0:10:42]} Rfd8 {[%emt 0:20:15]} 17. Rxd8+ {[%emt 0:13:36]} Rxd8 {[%emt 0:04:07]} 18. h3 {[%emt 0:09:54]} Qa4 {[%emt 0:23:20]} 19. Be5 {[%emt 0:03:02]} Ba6 {[%emt 0:00:09]} 20. Qc2 {[%emt 0:07:47]} Qxc2 {[%emt 0:00:35]} 21. Bxc2 {[%emt 0:00:05]} Bb7 {[%emt 0:02:46]} 22. b4 {[%emt 0:05:33]} Be7 {[%emt 0:03:31]} 23. Nd4 {[%emt 0:00:23]} Rc8 {[%emt 0:06:03]} 24. Bb3 {[%emt 0:02:24]} Nd5 {[%emt 0:02:38]} 25. a3 {[%emt 0:01:52]} Rd8 {[%emt 0:16:28]} 26. c4 {[%emt 0:00:37]} Nf6 {[%emt 0:00:09]} 27. Nb5 {[%emt 0:00:41]} Rd3 {[%emt 0:00:39]} 28. Bc2 {[%emt 0:00:21]} Rd2 {[%emt 0:00:05]} 29. Bb1 {[%emt 0:00:29]} a5 {[%emt 0:00:36]} 30. Bf4 {[%emt 0:00:41]} Rb2 {[%emt 0:00:52]} 31. Be5 {[%emt 0:00:18]} Rd2 {[%emt 0:00:20]} 32. Bc3 {[%emt 0:00:09]} Rd8 {[%emt 0:00:45]} 33. bxa5 {[%emt 0:00:09]} bxa5 {[%emt 0:00:25]} 34. Bxa5 {[%emt 0:00:05]} Ra8 {[%emt 0:00:13]} 35. Bb4 {[%emt 0:00:09]} Bxb4 {[%emt 0:00:42]} 36. axb4 {[%emt 0:00:04]} Ra4 {[%emt 0:00:10]} 37. Rd1 {[%emt 0:00:50]} g6 {[%emt 0:00:01]} 38. Rd8+ {[%emt 0:01:34]} Kg7 {[%emt 0:00:05]} 39. Rb8 {[%emt 0:00:21]} Rxb4 {[%emt 0:01:28]} 40. Bxg6 {[%emt 0:01:12]} Rxc4 {[%emt 0:01:00]} 41. Bxf7 {[%emt 0:30:38]} Rc1+ {[%emt 0:02:29]} 42. Kh2 {[%emt 0:00:00]} Bxg2 {[%emt 0:00:06]} 43. Bxe6 {[%emt 0:00:00]} Bc6 {[%emt 0:04:57]} 44. Nd4 {[%emt 0:00:00]} Be4 {[%emt 0:09:12]} 45. f3 {[%emt 0:00:00]} Bd3 {[%emt 0:00:06]} 46. f4 {[%emt 0:00:00]} Nh5 {[%emt 0:03:04]} 47. f5 {[%emt 0:00:00]} Be4 {[%emt 0:02:16]} 48. Rg8+ {[%emt 0:00:00]} Kf6 {[%emt 0:00:20]} 49. Rg1 {[%emt 0:00:00]} Rxg1 {[%emt 0:00:30]} 50. Kxg1 {[%emt 0:00:00]} Ng7 {[%emt 0:00:05]} 51. Kf2 {[%emt 0:00:00]} 1/2-1/2

[Event "Skalica Open 2019"]
[Site "Skalica"]
[Date "2019.08.30"]
[Round "8.20"]
[White "Chan, Naruna"]
[Black "Rakovsky, Jakub"]
[Result "1-0"]
[WhiteElo "1950"]
[BlackElo "1765"]
[Annotator "NA"]
[PlyCount "51"]
[EventDate "2019.08.25"]
[EventType "swiss"]
[EventCountry "SVK"]
[SourceTitle "playchess.com"]
[Source "ChessBase"]
[SourceQuality "1"]
[TimeControl "40/5400+30:1800+30"]

1. e4 {[%emt 0:00:00]} c5 {[%emt 0:00:00]} 2. c3 {[%emt 0:00:00]} e5 {[%emt 0:00:44]} 3. Nf3 {[%emt 0:00:00]} Nc6 {[%emt 0:00:07]} 4. d4 {[%emt 0:02:58]} cxd4 {[%emt 0:00:15]} 5. cxd4 {[%emt 0:00:05]} exd4 {[%emt 0:00:28]} 6. Nxd4 {[%emt 0:00:26]} Nf6 {[%emt 0:00:30]} 7. Nc3 {[%emt 0:04:09]} Bb4 {[%emt 0:02:12]} 8. Nxc6 {[%emt 0:06:22]} bxc6 {[%emt 0:01:46]} 9. Bd3 {[%emt 0:00:47]} d5 {[%emt 0:01:58]} 10. O-O {[%emt 0:03:26]} Bxc3 {[%emt 0:01:11]} 11. bxc3 {[%emt 0:00:05]} dxe4 {[%emt 0:00:34]} 12. Bc2 {[%emt 0:11:04]} O-O {[%emt 0:09:07]} 13. Qxd8 {[%emt 0:07:19]} Rxd8 {[%emt 0:00:09]} 14. Bg5 {[%emt 0:00:10]} Ba6 {[%emt 0:02:25]} 15. Rfe1 {[%emt 0:09:36]} Bd3 {[%emt 0:00:35]} 16. Bb3 {[%emt 0:01:17]} Rd6 {[%emt 0:03:38]} 17. Rad1 {[%emt 0:05:48]} Rad8 {[%emt 0:08:35]} 18. Be3 {[%emt 0:06:35]} R6d7 {[%emt 0:02:15]} 19. Bd4 {[%emt 0:00:53]} Re7 {[%emt 0:17:13]} 20. Rxd3 {[%emt 0:04:23]} exd3 {[%emt 0:01:24]} 21. Rxe7 {[%emt 0:00:06]} d2 {[%emt 0:00:25]} 22. Bd1 {[%emt 0:02:27]} Nd5 {[%emt 0:00:19]} 23. Re2 {[%emt 0:08:38]} c5 {[%emt 0:00:39]} 24. Be5 {[%emt 0:00:37]} Re8 {[%emt 0:01:08]} 25. Rxd2 {[%emt 0:07:12]} Nb6 {[%emt 0:03:19]} 26. Re2 {[%emt 0:02:06]} 1-0

[Event "Skalica Open 2019"]
[Site "Skalica"]
[Date "2019.08.30"]
[Round "8.21"]
[White "Hrubsa, Marian"]
[Black "Ivanov, Alexander"]
[Result "0-1"]
[WhiteElo "1888"]
[BlackElo "2473"]
[Annotator "ChessBase"]
[PlyCount "120"]
[EventDate "2019.08.25"]
[EventType "swiss"]
[EventCountry "SVK"]
[SourceTitle "playchess.com"]
[Source "ChessBase"]
[SourceQuality "1"]
[TimeControl "40/5400+30:1800+30"]

1. e4 {[%emt 0:00:00]} c5 {[%emt 0:00:00]} 2. Nf3 {[%emt 0:00:00]} d6 {[%emt 0:00:00]} 3. d4 {[%emt 0:00:00]} cxd4 {[%emt 0:00:00]} 4. Nxd4 {[%emt 0:00:00]} Nf6 {[%emt 0:00:00]} 5. Nc3 {[%emt 0:00:00]} a6 {[%emt 0:00:00]} 6. Be2 {[%emt 0:00:00]} e5 {[%emt 0:00:00]} 7. Nb3 {[%emt 0:00:29]} Be7 {[%emt 0:00:31]} 8. O-O {[%emt 0:01:59]} O-O {[%emt 0:00:28]} 9. Be3 {[%emt 0:01:49]} Be6 {[%emt 0:00:10]} 10. f3 {[%emt 0:03:23]} b5 {[%emt 0:02:31]} 11. Qe1 {[%emt 0:02:51]} Qc7 {[%emt 0:04:05]} 12. a3 {[%emt 0:04:18]} Nbd7 {[%emt 0:02:09]} 13. Rd1 {[%emt 0:10:03]} Nb6 {[%emt 0:03:05]} 14. Bc1 {[%emt 0:15:31]} d5 {[%emt 0:07:57]} 15. exd5 {[%emt 0:04:47]} Nbxd5 {[%emt 0:00:24]} 16. Nxd5 {[%emt 0:00:56]} Bxd5 {[%emt 0:00:34]} 17. Bd3 {[%emt 0:01:57]} Bc4 {[%emt 0:08:29]} 18. Qg3 {[%emt 0:07:33]} Rfe8 {[%emt 0:07:06]} 19. Rfe1 {[%emt 0:06:00]} Bf8 {[%emt 0:03:41]} 20. Bg5 {[%emt 0:06:16]} Bxd3 {[%emt 0:02:38]} 21. cxd3 {[%emt 0:03:23]} Qb6+ {[%emt 0:02:55]} 22. Be3 {[%emt 0:00:56]} Qe6 {[%emt 0:01:05]} 23. Nd2 {[%emt 0:04:09]} Rad8 {[%emt 0:03:46]} 24. Bg5 {[%emt 0:03:35]} Rxd3 {[%emt 0:04:14]} 25. Bxf6 {[%emt 0:00:56]} Qxf6 {[%emt 0:00:05]} 26. Ne4 {[%emt 0:01:24]} Qb6+ {[%emt 0:00:04]} 27. Kh1 {[%emt 0:00:51]} Rxd1 {[%emt 0:00:14]} 28. Rxd1 {[%emt 0:00:12]} Rd8 {[%emt 0:00:55]} 29. Re1 {[%emt 0:04:22]} b4 {[%emt 0:12:39]} 30. Qxe5 {[%emt 0:04:32]} bxa3 {[%emt 0:00:30]} 31. bxa3 {[%emt 0:00:08]} Bxa3 {[%emt 0:00:38]} 32. f4 {[%emt 0:04:54]} Qd4 {[%emt 0:15:35]} 33. Qc7 {[%emt 0:02:13]} Bb4 {[%emt 0:01:00]} 34. Rg1 {[%emt 0:01:12]} Rf8 {[%emt 0:01:04]} 35. Ng5 {[%emt 0:01:27]} h6 {[%emt 0:00:15]} 36. Nf3 {[%emt 0:00:06]} Qd6 {[%emt 0:00:29]} 37. Qc4 {[%emt 0:01:00]} a5 {[%emt 0:00:29]} 38. Ra1 {[%emt 0:02:03]} Rd8 {[%emt 0:00:56]} 39. h3 {[%emt 0:00:37]} Qd5 {[%emt 0:02:05]} 40. Qc7 {[%emt 0:00:57]} Qd7 {[%emt 0:01:35]} 41. Qc4 {[%emt 0:32:45]} Rc8 {[%emt 0:30:32]} 42. Qe4 {[%emt 0:00:00]} Qc6 {[%emt 0:00:00]} 43. Qe2 {[%emt 0:00:00]} Qc4 {[%emt 0:00:00]} 44. Qxc4 {[%emt 0:00:00]} Rxc4 {[%emt 0:00:00]} 45. g3 {[%emt 0:00:00]} Rc3 {[%emt 0:00:00]} 46. Kg2 {[%emt 0:00:00]} Ra3 {[%emt 0:00:00]} 47. Rc1 {[%emt 0:00:00]} Ra2+ {[%emt 0:00:00]} 48. Kf1 {[%emt 0:00:00]} a4 {[%emt 0:00:00]} 49. Nd4 {[%emt 0:00:00]} Rb2 {[%emt 0:00:00]} 50. Nc6 {[%emt 0:00:00]} Bf8 {[%emt 0:00:00]} 51. Na5 {[%emt 0:00:00]} a3 {[%emt 0:00:00]} 52. Nc4 {[%emt 0:00:00]} Rb3 {[%emt 0:00:00]} 53. Kg2 {[%emt 0:00:00]} Bb4 {[%emt 0:00:00]} 54. Ra1 {[%emt 0:00:37]} Bc5 {[%emt 0:00:00]} 55. Ra2 {[%emt 0:01:05]} Kf8 {[%emt 0:00:00]} 56. g4 {[%emt 0:01:23]} Ke7 {[%emt 0:00:00]} 57. f5 {[%emt 0:00:17]} Rc3 {[%emt 0:00:00]} 58. Nd2 {[%emt 0:00:56]} Bb4 {[%emt 0:00:00]} 59. Nb1 {[%emt 0:00:42]} Rb3 {[%emt 0:00:00]} 60. Ra1 {[%emt 0:02:55]} Rb2+ {[%emt 0:00:00]} 0-1

[Event "Skalica Open 2019"]
[Site "Skalica"]
[Date "2019.08.30"]
[Round "8.22"]
[White "Petkevich, Denis"]
[Black "Polozov, Yaroslavl"]
[Result "1-0"]
[WhiteElo "1863"]
[BlackElo "1000"]
[Annotator "NA"]
[PlyCount "69"]
[EventDate "2019.08.25"]
[EventType "swiss"]
[EventCountry "SVK"]
[SourceTitle "playchess.com"]
[Source "ChessBase"]
[SourceQuality "1"]
[TimeControl "40/5400+30:1800+30"]

1. d4 {[%emt 0:00:00]} d5 {[%emt 0:00:00]} 2. c4 {[%emt 0:00:00]} e6 {[%emt 0:00:33]} 3. g3 {[%emt 0:00:00]} c5 {[%emt 0:06:14]} 4. Bg2 {[%emt 0:01:33]} Nf6 {[%emt 0:02:21]} 5. Nc3 {[%emt 0:01:49]} cxd4 {[%emt 0:01:20]} 6. Qxd4 {[%emt 0:00:11]} Bb4 {[%emt 0:02:03]} 7. cxd5 {[%emt 0:00:51]} Bxc3+ {[%emt 0:00:20]} 8. bxc3 {[%emt 0:00:08]} exd5 {[%emt 0:02:15]} 9. Ba3 {[%emt 0:03:41]} Nc6 {[%emt 0:01:10]} 10. Qe3+ {[%emt 0:00:05]} Ne7 {[%emt 0:04:42]} 11. Nh3 {[%emt 0:01:30]} Be6 {[%emt 0:06:20]} 12. Nf4 {[%emt 0:02:42]} Qd7 {[%emt 0:01:35]} 13. Nd3 {[%emt 0:04:24]} b6 {[%emt 0:01:23]} 14. O-O {[%emt 0:01:33]} O-O {[%emt 0:00:13]} 15. Rfd1 {[%emt 0:00:24]} Rfd8 {[%emt 0:08:34]} 16. Ne5 {[%emt 0:00:13]} Nf5 {[%emt 0:15:57]} 17. Nxd7 {[%emt 0:00:17]} Nxe3 {[%emt 0:01:07]} 18. Nxf6+ {[%emt 0:00:04]} gxf6 {[%emt 0:00:12]} 19. fxe3 {[%emt 0:00:03]} Rac8 {[%emt 0:00:38]} 20. Be7 {[%emt 0:00:04]} Rd7 {[%emt 0:00:52]} 21. Bxf6 {[%emt 0:00:07]} Rc4 {[%emt 0:00:55]} 22. Rd4 {[%emt 0:00:06]} Rxc3 {[%emt 0:01:25]} 23. e4 {[%emt 0:00:12]} Rc6 {[%emt 0:02:42]} 24. exd5 {[%emt 0:00:39]} Bxd5 {[%emt 0:00:05]} 25. Be5 {[%emt 0:00:06]} Rc5 {[%emt 0:00:52]} 26. Rad1 {[%emt 0:00:57]} Bxg2 {[%emt 0:00:46]} 27. Rxd7 {[%emt 0:00:10]} Rxe5 {[%emt 0:00:05]} 28. Kxg2 {[%emt 0:00:06]} Rxe2+ {[%emt 0:00:10]} 29. Kh3 {[%emt 0:00:17]} Rxa2 {[%emt 0:00:09]} 30. Rf1 {[%emt 0:00:07]} b5 {[%emt 0:00:51]} 31. Rb7 {[%emt 0:00:19]} a6 {[%emt 0:00:28]} 32. Rfxf7 {[%emt 0:00:04]} b4 {[%emt 0:00:28]} 33. Rg7+ {[%emt 0:00:06]} Kf8 {[%emt 0:00:17]} 34. Rxh7 {[%emt 0:00:04]} Kg8 {[%emt 0:01:39]} 35. Rhc7 {[%emt 0:00:05]} 1-0

[Event "Skalica Open 2019"]
[Site "Skalica"]
[Date "2019.08.30"]
[Round "8.23"]
[White "Fizerova, Lucie"]
[Black "Skreko, Igor"]
[Result "0-1"]
[WhiteElo "1563"]
[BlackElo "1725"]
[Annotator "NA"]
[PlyCount "74"]
[EventDate "2019.08.25"]
[EventType "swiss"]
[EventCountry "SVK"]
[SourceTitle "playchess.com"]
[Source "ChessBase"]
[SourceQuality "1"]
[TimeControl "40/5400+30:1800+30"]

1. e4 {[%emt 0:00:00]} c5 {[%emt 0:00:00]} 2. Nf3 {[%emt 0:00:00]} d6 {[%emt 0:00:00]} 3. d4 {[%emt 0:00:03]} cxd4 {[%emt 0:00:00]} 4. Nxd4 {[%emt 0:00:10]} Nf6 {[%emt 0:00:00]} 5. Nc3 {[%emt 0:00:24]} a6 {[%emt 0:00:00]} 6. Be2 {[%emt 0:00:20]} e6 {[%emt 0:00:00]} 7. Be3 {[%emt 0:00:44]} Be7 {[%emt 0:00:08]} 8. O-O {[%emt 0:00:31]} Qc7 {[%emt 0:00:23]} 9. Qd2 {[%emt 0:00:42]} Nc6 {[%emt 0:00:34]} 10. f4 {[%emt 0:01:03]} O-O {[%emt 0:00:32]} 11. Rad1 {[%emt 0:03:06]} Rb8 {[%emt 0:01:16]} 12. a3 {[%emt 0:07:19]} b5 {[%emt 0:02:48]} 13. Rf3 {[%emt 0:04:50]} Bb7 {[%emt 0:03:35]} 14. Bd3 {[%emt 0:02:16]} Rfc8 {[%emt 0:05:53]} 15. f5 {[%emt 0:07:26]} e5 {[%emt 0:11:34]} 16. Nxc6 {[%emt 0:03:03]} Bxc6 {[%emt 0:00:09]} 17. Rg3 {[%emt 0:04:32]} Kh8 {[%emt 0:03:35]} 18. Bg5 {[%emt 0:06:44]} a5 {[%emt 0:08:28]} 19. Ne2 {[%emt 0:14:19]} Nxe4 {[%emt 0:02:52]} 20. Bxe4 {[%emt 0:00:33]} Bxe4 {[%emt 0:00:09]} 21. f6 {[%emt 0:00:52]} gxf6 {[%emt 0:13:30]} 22. Bh4 {[%emt 0:02:18]} Rg8 {[%emt 0:04:48]} 23. Qh6 {[%emt 0:02:31]} Rg6 {[%emt 0:01:58]} 24. Rxg6 {[%emt 0:01:32]} fxg6 {[%emt 0:01:24]} 25. c3 {[%emt 0:00:36]} f5 {[%emt 0:04:13]} 26. Bxe7 {[%emt 0:02:15]} Qxe7 {[%emt 0:00:04]} 27. Qd2 {[%emt 0:00:15]} Rd8 {[%emt 0:01:56]} 28. Ng3 {[%emt 0:00:39]} Bc6 {[%emt 0:01:06]} 29. Qe2 {[%emt 0:06:26]} Qa7+ {[%emt 0:04:48]} 30. Kh1 {[%emt 0:00:36]} Qc5 {[%emt 0:00:29]} 31. Rf1 {[%emt 0:04:32]} Qc4 {[%emt 0:01:40]} 32. Qf2 {[%emt 0:00:43]} Qc5 {[%emt 0:02:31]} 33. Qe2 {[%emt 0:00:19]} f4 {[%emt 0:01:11]} 34. Ne4 {[%emt 0:00:28]} Qc4 {[%emt 0:00:15]} 35. Qxc4 {[%emt 0:00:24]} bxc4 {[%emt 0:00:02]} 36. Nd2 {[%emt 0:00:01]} d5 {[%emt 0:00:28]} 37. Rd1 {[%emt 0:00:22]} Re8 {[%emt 0:00:38]} 0-1

[Event "Skalica Open 2019"]
[Site "Skalica"]
[Date "2019.08.30"]
[Round "8.24"]
[White "Krakovsky, Peter"]
[Black "Krupnova, Anna"]
[Result "0-1"]
[WhiteElo "1000"]
[BlackElo "1712"]
[Annotator "NA"]
[PlyCount "64"]
[EventDate "2019.08.25"]
[EventType "swiss"]
[EventCountry "SVK"]
[SourceTitle "playchess.com"]
[Source "ChessBase"]
[SourceQuality "1"]
[TimeControl "40/5400+30:1800+30"]

1. c4 {[%emt 0:00:03]} c5 {[%emt 0:00:00]} 2. Nc3 {[%emt 0:00:03]} g6 {[%emt 0:00:00]} 3. g3 {[%emt 0:00:07]} Bg7 {[%emt 0:00:05]} 4. Bg2 {[%emt 0:00:15]} d6 {[%emt 0:00:10]} 5. d3 {[%emt 0:00:30]} Nc6 {[%emt 0:00:29]} 6. e4 {[%emt 0:00:40]} Nf6 {[%emt 0:02:14]} 7. Nf3 {[%emt 0:02:00]} O-O {[%emt 0:02:04]} 8. O-O {[%emt 0:00:45]} Ne8 {[%emt 0:00:53]} 9. Rb1 {[%emt 0:03:23]} Nc7 {[%emt 0:10:43]} 10. Nd5 {[%emt 0:06:18]} e6 {[%emt 0:06:06]} 11. Ne3 {[%emt 0:03:55]} Rb8 {[%emt 0:04:07]} 12. b3 {[%emt 0:03:11]} b5 {[%emt 0:10:04]} 13. Bb2 {[%emt 0:00:53]} Nd4 {[%emt 0:07:33]} 14. Nxd4 {[%emt 0:04:33]} cxd4 {[%emt 0:00:37]} 15. Nc2 {[%emt 0:01:19]} e5 {[%emt 0:02:01]} 16. f4 {[%emt 0:00:35]} f5 {[%emt 0:05:50]} 17. Qe1 {[%emt 0:05:19]} bxc4 {[%emt 0:10:56]} 18. bxc4 {[%emt 0:02:26]} Na6 {[%emt 0:03:49]} 19. Ba3 {[%emt 0:03:22]} Rxb1 {[%emt 0:03:00]} 20. Qxb1 {[%emt 0:00:14]} fxe4 {[%emt 0:04:25]} 21. Bxe4 {[%emt 0:02:23]} exf4 {[%emt 0:01:50]} 22. gxf4 {[%emt 0:01:25]} Nc5 {[%emt 0:03:53]} 23. Bd5+ {[%emt 0:04:33]} Kh8 {[%emt 0:01:23]} 24. Qd1 {[%emt 0:00:26]} Rxf4 {[%emt 0:03:33]} 25. Rxf4 {[%emt 0:05:54]} Qg5+ {[%emt 0:00:18]} 26. Kh1 {[%emt 0:00:40]} Qxf4 {[%emt 0:00:07]} 27. Qe2 {[%emt 0:00:25]} Be5 {[%emt 0:01:06]} 28. Ne1 {[%emt 0:04:25]} Bg4 {[%emt 0:06:54]} 29. Bf3 {[%emt 0:00:47]} Nxd3 {[%emt 0:02:37]} 30. Bxg4 {[%emt 0:05:13]} Nxe1 {[%emt 0:06:38]} 31. Bb4 {[%emt 0:00:13]} d3 {[%emt 0:00:52]} 32. Qd2 {[%emt 0:01:18]} Qf1# {[%emt 0:00:10]} 0-1

[Event "Skalica Open 2019"]
[Site "Skalica"]
[Date "2019.08.31"]
[Round "9.2"]
[White "Pulpan, Jakub"]
[Black "Potapov, Pavel"]
[Result "1/2-1/2"]
[WhiteElo "2397"]
[BlackElo "2496"]
[Annotator "TA"]
[PlyCount "61"]
[EventDate "2019.08.25"]
[EventType "swiss"]
[EventCountry "SVK"]
[SourceTitle "playchess.com"]
[Source "ChessBase"]
[SourceQuality "1"]

{[%evp 16,61,7,15,52,21,32,21,33,18,54,60,61,58,81,74,95,53,53,53,44,39,45,46,66,69,72,72,72,72,72,72,65,54,59,59,59,52,52,52,52,52,52,46,46,46,52,46]} 1. e4 c5 2. Nf3 Nc6 3. Nc3 e5 4. Bc4 Be7 5. d3 d6 6. O-O Nf6 7. Ng5 O-O 8. f4 exf4 9. Bxf4 Na5 {B30: Sicilian: 2...Nc6 3 Bb5, lines without ...g6} (9... h6 10. Nf3 Be6 11. Nd5 Qd7 12. c3 Rae8 13. a4 Bd8 14. Qd2 a6 15. Qf2 Bxd5 16. Bxd5 Nxd5 17. exd5 Ne7 18. Qg3 Kh7 19. c4 {0-1 (72) Navara,D (2727)-Krasenkow,M (2631) Poland 2018}) 10. b3 $146 ({Predecessor:} 10. Qd2 Nxc4 11. dxc4 h6 12. Nf3 Re8 13. Rad1 Bg4 14. h3 Bh5 15. Bxd6 {½-½ (15) Asadli,V (2449)-Potapov,P (2479) Moscow 2018}) 10... Nxc4 11. bxc4 Bg4 {The position is equal.} 12. Qd2 Qd7 13. h3 Bh5 14. Rae1 Rae8 15. Nf3 a6 16. a4 Bd8 17. Qf2 Ba5 18. Bd2 Bxf3 19. Qxf3 Re6 20. Ra1 Qc8 21. Qf2 Bxc3 22. Bxc3 Nd7 23. a5 Ne5 24. Rab1 {White is slightly better.} Rf6 25. Qe2 Rxf1+ 26. Rxf1 f6 27. Qe3 Rf7 28. Qg3 Qe8 29. Rb1 Qe6 30. Kh2 Nc6 31. Rf1 {Accuracy: White = 72%, Black = 60%.} 1/2-1/2